| 000 | 006830000a22002170004500 | ||
|---|---|---|---|
| 001 | 26645 | ||
| 010 | _a989-618-026-1 | ||
| 090 | _a26645 | ||
| 100 | _a20100727d2005 m y0pory5003 ba | ||
| 101 | 0 | _apor | |
| 102 | _aPT | ||
| 200 | 1 |
_aGigantes, olharapos e outras desmesuras _fMaria Teresa Meireles |
|
| 210 |
_aLisboa _cApenas Livros _d2005 |
||
| 215 | _a47 p | ||
| 225 | 2 |
_aÀ mão de respigar _fdir. Ana Paula Guimarães _v23 |
|
| 675 |
_a398.2(469) _vBN _zpor |
||
| 675 |
_a821.134.3-91.09 _vBN _zpor |
||
| 700 | 1 |
_aMeireles _bMaria Teresa |
|
| 702 | 1 |
_923481 _4300 _aGuimarães _bAna Paula |
|
| 942 |
_cMON _n0 |
||
| 999 |
_a26645 _bBibliobase - BMTAV _c2019-01-21 |
||